[Event "European Rapid 2017"]
[Site "Katowice POL"]
[Date "2017.12.17"]
[Round "10.66"]
[White "Kourousis, Epaminondas"]
[Black "Player, Edmund C"]
[Result "1-0"]
[WhiteTitle "IM"]
[WhiteElo "2393"]
[BlackElo "2174"]
[WhiteFideId "4211626"]
[BlackFideId "406520"]
[EventDate "2017.12.16"]

1. d4 Nf6 2. c4 g6 3. Nc3 d5 4. Nf3 Bg7 5. cxd5 Nxd5 6. e4 Nxc3 7. bxc3 c5 8.
Be3 O-O 9. Qd2 Nc6 10. d5 Qa5 11. Rc1 Ne5 12. Nxe5 Bxe5 13. c4 Qxd2+ 14. Kxd2 b6
15. Be2 Bg7 16. f4 e6 17. Bf3 Bb7 18. Rhd1 Rfe8 19. Ke2 Rad8 20. Kf2 Kf8 21. h4
Re7 22. g4 Red7 23. g5 f5 24. gxf6 Bxf6 25. Rh1 e5 26. f5 gxf5 27. exf5 Kg8 28.
Be4 Kh8 29. Bg5 Rf7 30. Ke3 Rg8 31. Rhg1 h6 32. Bxh6 Rxg1 33. Rxg1 Bxh4 34. Rh1
Bf6 35. d6 Kg8 36. Bxb7 Rxb7 37. Ke4 Rh7 38. Rg1+ Kf7 39. Rg6 Rh8 40. Kd5 Re8
41. Bg5 Bxg5 42. Rxg5 e4 43. Rg6 e3 44. d7 Rd8 45. Kd6 b5 46. cxb5 c4 47. Re6 1-0

[Event "European Rapid 2017"]
[Site "Katowice POL"]
[Date "2017.12.17"]
[Round "10.67"]
[White "Polzin, Rainer"]
[Black "Wilk, Krzysztof"]
[Result "1-0"]
[WhiteTitle "GM"]
[WhiteElo "2404"]
[BlackElo "2125"]
[WhiteFideId "4610741"]
[BlackFideId "1116193"]
[EventDate "2017.12.16"]

1. e4 c6 2. d4 d5 3. e5 Bf5 4. Nf3 e6 5. a3 Nd7 6. Be2 Ne7 7. O-O a6 8. Nbd2 b5
9. b3 h6 10. c4 bxc4 11. bxc4 dxc4 12. Nxc4 Nd5 13. Bd2 Be7 14. Qa4 Qc8 15. Rfc1
O-O 16. Na5 c5 17. Nc6 Re8 18. Nxe7+ Rxe7 19. Bb4 cxb4 20. Rxc8+ Rxc8 21. axb4
N7b6 22. Qa5 Rec7 23. h3 Rc1+ 24. Kh2 Rxa1 25. Qxa1 Nxb4 26. Bxa6 Ra8 27. Qb2
N6d5 28. Bc4 Rc8 29. Bb3 Rc3 30. Ne1 Kh7 31. Nf3 Bc2 32. Bxd5 Nxd5 33. Ng1 Bg6
34. Qe2 Bf5 35. Nf3 Nf4 36. Qd2 Nd5 37. Nh4 Rc2 38. Qe1 Bd3 39. Qd1 Rc3 40. Qd2
Be4 41. Qe1 Bd3 42. Nf3 Kh8 43. Nd2 Rc2 44. Nb3 Bf5 45. Nc5 Nf4 46. Qe3 Nd3 47.
Nxd3 Rc3 48. Qf3 Rxd3 49. Qa8+ Kh7 50. Qa7 Kg6 51. f3 h5 52. g4 hxg4 53. hxg4
Rd2+ 54. Kg3 Bd3 55. d5 Bb5 56. d6 Rd5 57. f4 Rd3+ 58. Kf2 Rd2+ 59. Ke3 Rd3+ 60.
Ke4 f5+ 61. exf6 gxf6 62. f5+ Kh6 63. Qe7 exf5+ 64. gxf5 Kg5 65. Qg7+ Kh5 66.
Qg6+ Kh4 67. Qxf6+ Kg3 68. Qe5+ 1-0

[Event "European Rapid 2017"]
[Site "Katowice POL"]
[Date "2017.12.17"]
[Round "10.68"]
[White "Kumala, Aleksander"]
[Black "Piesik, Piotr"]
[Result "1-0"]
[BlackTitle "FM"]
[WhiteElo "2220"]
[BlackElo "2374"]
[WhiteFideId "1141880"]
[BlackFideId "1136194"]
[EventDate "2017.12.16"]

1. e4 g6 2. d4 Bg7 3. Nc3 c6 4. Be3 d5 5. Qd2 Nf6 6. e5 Ng4 7. Bf4 h5 8. Bd3 Nh6
9. Nf3 Bf5 10. O-O Bxd3 11. Qxd3 e6 12. Bg5 Qb6 13. Nh4 Nf5 14. Nxf5 exf5 15.
Rfe1 Na6 16. Ne2 Nc7 17. Qa3 Bf8 18. Qg3 Ne6 19. Bf6 Rg8 20. Rad1 Be7 21. Nf4
Kd7 22. Bxe7 Kxe7 23. Qa3+ Ke8 24. Nxe6 fxe6 25. Qd6 Rd8 26. Qxe6+ Kf8 27. Qf6+
Ke8 28. e6 Qc7 29. e7 Rd6 30. Re6 Rxe6 31. Qxe6 Rg7 32. Re1 Rxe7 33. Qxg6+ Kd8
34. Qg8+ Kd7 35. Rxe7+ Kxe7 36. Qg7+ Kd8 37. Qf8+ Kd7 38. Qxf5+ Ke8 39. Qxh5+
Kf8 40. Qh8+ Ke7 41. Qh7+ 1-0

[Event "European Rapid 2017"]
[Site "Katowice POL"]
[Date "2017.12.17"]
[Round "10.69"]
[White "Jarmula, Lukasz"]
[Black "Batsiashvili, Nino"]
[Result "0-1"]
[WhiteTitle "IM"]
[BlackTitle "IM"]
[WhiteElo "2463"]
[BlackElo "2502"]
[WhiteFideId "1160664"]
[BlackFideId "13602993"]
[EventDate "2017.12.16"]

1. e4 e5 2. Nf3 Nc6 3. Bc4 Nf6 4. Ng5 d5 5. exd5 Na5 6. Bb5+ c6 7. dxc6 bxc6 8.
Qf3 Be7 9. Bd3 h6 10. Ne4 Nd5 11. Ng3 g6 12. b3 O-O 13. Bb2 Bf6 14. Nc3 Bg7 15.
O-O-O f5 16. Rhe1 Qd6 17. Kb1 Be6 18. Qe2 Nf4 19. Qf1 c5 20. Bb5 Bf7 21. d3 Rab8
22. Bc4 Ne6 23. Nb5 Qd7 24. a4 a6 25. Nc3 Nd4 26. Bxa6 Nxc2 27. Kxc2 Bxb3+ 28.
Kb1 Bxa4 29. Bc4+ Kh7 30. Rd2 Nxc4 0-1

[Event "European Rapid 2017"]
[Site "Katowice POL"]
[Date "2017.12.17"]
[Round "10.70"]
[White "Woloch, Oskar"]
[Black "Wieczorek, Oskar"]
[Result "0-1"]
[BlackTitle "IM"]
[WhiteElo "2107"]
[BlackElo "2463"]
[WhiteFideId "1192116"]
[BlackFideId "1133950"]
[EventDate "2017.12.16"]

1. d4 Nf6 2. c4 c5 3. d5 b5 4. cxb5 a6 5. e3 g6 6. Nc3 Bg7 7. Nf3 O-O 8. a4 d6
9. Be2 axb5 10. Bxb5 Ba6 11. O-O Qb6 12. Ra3 Ne8 13. Rb3 Bxb5 14. Rxb5 Qa6 15.
Qb3 Nd7 16. Rb7 c4 17. Qb5 Nc5 18. Rb6 Qxb5 19. axb5 Bxc3 20. bxc3 Nc7 21. e4
Nxe4 22. Rc6 Nxb5 23. Rxc4 Nexc3 24. Rb4 Nc7 25. Rb7 N7xd5 26. Bd2 Rfb8 27. Rd7
Ne4 28. Bh6 Nef6 0-1

[Event "European Rapid 2017"]
[Site "Katowice POL"]
[Date "2017.12.17"]
[Round "10.71"]
[White "Kaleta, Blazej"]
[Black "Sadzikowski, Daniel"]
[Result "1/2-1/2"]
[BlackTitle "GM"]
[WhiteElo "2110"]
[BlackElo "2584"]
[WhiteFideId "1170252"]
[BlackFideId "1132253"]
[EventDate "2017.12.16"]

1. d4 Nf6 2. c4 e6 3. Nc3 Bb4 4. Qc2 O-O 5. Nf3 Nc6 6. e3 d6 7. a3 Bxc3+ 8. Qxc3
Qe7 9. b4 e5 10. dxe5 Nxe5 11. Nxe5 dxe5 12. Bb2 Re8 13. Be2 a5 14. O-O Bg4 15.
Bxg4 Nxg4 16. h3 Nf6 17. Rfd1 h6 18. Qb3 b6 19. Rac1 axb4 20. axb4 Qe6 21. Qc2
Rad8 22. b5 Rd7 23. Rxd7 Nxd7 24. Rd1 f6 25. Rd5 c6 26. bxc6 Qxc6 27. Qf5 Nf8
28. Qd3 Rc8 29. Rd6 Qxc4 30. Qxc4+ Rxc4 31. Rxb6 Ra4 32. Bc3 h5 33. g3 Ra7 34.
Kg2 Kf7 35. Rc6 Ne6 36. Rc4 Rc7 37. Rxc7+ Nxc7 38. e4 Ke6 39. g4 Nb5 40. Bd2 Nd6
41. Kf3 Nc4 42. Bb4 h4 43. Ke2 g5 44. Kd3 Nb6 45. Bc5 Na8 46. Kc4 Kd7 47. Be3
Kc6 48. Bc5 Kd7 49. Be3 Nc7 50. Kc5 Ne6+ 51. Kd5 Nc7+ 52. Kc5 Ne6+ 53. Kd5 Ke7 1/2-1/2

[Event "European Rapid 2017"]
[Site "Katowice POL"]
[Date "2017.12.17"]
[Round "10.72"]
[White "Orzechowski, Jacek"]
[Black "Sieciechowicz, Marcin"]
[Result "1/2-1/2"]
[BlackTitle "IM"]
[WhiteElo "2117"]
[BlackElo "2387"]
[WhiteFideId "1101951"]
[BlackFideId "1130170"]
[EventDate "2017.12.16"]

1. c4 c6 2. d4 d5 3. e3 Nf6 4. Bd3 e6 5. Nf3 Nbd7 6. Nbd2 Bd6 7. O-O O-O 8. e4
dxe4 9. Nxe4 Nxe4 10. Bxe4 Nf6 11. Bc2 c5 12. Bg5 h6 13. Bh4 Qe7 14. Qd3 Rd8 15.
Rad1 cxd4 16. Bxf6 Qxf6 17. Qh7+ Kf8 18. Nxd4 g5 19. Nb5 Be7 20. Rxd8+ Bxd8 21.
Nd6 Be7 22. Rd1 Qg7 23. Qxg7+ Kxg7 24. Nxc8 Rxc8 25. b3 b5 26. Bd3 b4 27. Be4 f5
28. Rd7 Kf6 29. Bb7 Rc5 30. Kf1 Ra5 31. Rd2 Bc5 32. Bc6 e5 33. Rd5 h5 34. Ba4
Bb6 35. Rxa5 Bxa5 36. f3 e4 37. Ke2 Bb6 38. fxe4 fxe4 39. Be8 h4 40. h3 Ke5 41.
Bd7 Kd4 42. Kd2 Bc7 43. Bc6 Bf4+ 44. Kc2 a5 45. Bb7 Ke3 46. Bd5 Bd6 47. Bc6 Bc5
48. Bb7 Bd4 49. Bd5 Bc3 50. Bc6 Kd4 51. Bb7 Ke5 52. Bc6 Bd4 53. Bb7 Kf4 54. Kd2
Bc5 55. Bc6 Ke5 56. Bd5 Kd4 57. Bc6 e3+ 58. Kc2 Bd6 59. Bf3 Bc7 60. Bg4 Bb8 61.
Bf3 Ba7 62. Bg4 Ke4 63. Bf3+ Kd4 64. Bg4 a4 65. bxa4 Kxc4 66. Kd1 Kd3 67. Bf5+
Kd4 68. Ke2 Ke5 69. Bd7 Kd4 1/2-1/2

[Event "European Rapid 2017"]
[Site "Katowice POL"]
[Date "2017.12.17"]
[Round "10.73"]
[White "Zimina, Olga"]
[Black "Kossobudzki, Robert"]
[Result "1-0"]
[WhiteTitle "IM"]
[WhiteElo "2415"]
[BlackElo "2134"]
[WhiteFideId "4132190"]
[BlackFideId "1107887"]
[EventDate "2017.12.16"]

1. Nf3 b5 2. g3 Bb7 3. Bg2 Nf6 4. O-O e6 5. d3 Be7 6. e4 d6 7. a4 b4 8. Nbd2
Nbd7 9. Nc4 c5 10. Re1 Qc7 11. b3 O-O 12. Bb2 Rfe8 13. e5 dxe5 14. Nfxe5 Bxg2
15. Kxg2 Rad8 16. Qf3 Nxe5 17. Nxe5 Rd5 18. Re2 Red8 19. Rae1 Bf8 20. Kg1 Ne8
21. Nc4 Nd6 22. Ne3 Rg5 23. h4 Rg6 24. h5 Rg5 25. h6 Nf5 26. hxg7 Bxg7 27. Nxf5
Bxb2 28. Ne3 Bd4 29. Kg2 Qd7 30. Rh1 f5 31. Nc4 Qd5 32. Rh6 Rg6 33. Rh5 Rf8 34.
Ne5 Bxe5 35. Qxd5 exd5 36. Rxe5 c4 37. Rxd5 cxb3 38. cxb3 f4 39. Rd7 fxg3 40.
fxg3 Rg7 41. Rxg7+ Kxg7 42. Rb5 Rd8 43. Rxb4 Rxd3 44. Kh3 Kg6 45. Kg4 Kf6 46.
Kf4 h5 47. Rb5 Kg6 48. b4 Rd4+ 49. Ke3 Rg4 50. Kf3 Rc4 51. Rb7 a5 52. Rb6+ Kg7
53. bxa5 Rxa4 54. a6 Kh7 55. Rb7+ Kg6 56. a7 Kf6 57. Rc7 Ke6 58. Kg2 Kd6 59. Rh7
Kc6 60. Rxh5 Rxa7 61. Re5 Kd6 62. Re1 Re7 63. Rxe7 Kxe7 64. Kh3 Kf6 65. Kh4 Kg6
66. Kg4 Kf6 67. Kh5 Kg7 68. Kg5 Kh7 69. Kf6 Kg8 70. Kg6 Kh8 71. g4 Kg8 72. g5
Kh8 73. Kf7 Kh7 74. g6+ 1-0

[Event "European Rapid 2017"]
[Site "Katowice POL"]
[Date "2017.12.17"]
[Round "10.74"]
[White "Quilter, Thomas A"]
[Black "Ustianovich, Nazar"]
[Result "0-1"]
[BlackTitle "FM"]
[WhiteElo "2195"]
[BlackElo "2366"]
[WhiteFideId "408530"]
[BlackFideId "14109778"]
[EventDate "2017.12.16"]

1. Nc3 d5 2. e4 c6 3. d4 dxe4 4. f3 exf3 5. Nxf3 Bg4 6. Bc4 e6 7. O-O Nf6 8. h3
Bh5 9. Ne2 Nbd7 10. Nf4 Bxf3 11. Rxf3 Nb6 12. Bxe6 fxe6 13. Nxe6 Qd7 14. g4 Qxe6
15. Re3 Ne4 16. Qf3 O-O-O 17. Rxe4 Qd5 18. b3 Qd7 19. c4 Be7 20. Bf4 Bf6 21. Rd1
Rhe8 22. Rxe8 Rxe8 23. d5 c5 24. d6 Bd4+ 25. Kh1 Qc6 26. Qxc6+ bxc6 27. b4 Kd7
28. bxc5 Bxc5 29. a4 Nxc4 30. Rc1 Re4 31. Bh2 Bxd6 32. Rf1 Bxh2 33. Rf7+ Re7 0-1

[Event "European Rapid 2017"]
[Site "Katowice POL"]
[Date "2017.12.17"]
[Round "10.75"]
[White "Rawicz, Karol"]
[Black "Krause, Jonah"]
[Result "0-1"]
[WhiteTitle "FM"]
[BlackTitle "FM"]
[WhiteElo "2164"]
[BlackElo "2368"]
[WhiteFideId "1141791"]
[BlackFideId "12907910"]
[EventDate "2017.12.16"]

1. d4 Nf6 2. c4 g6 3. f3 Bg7 4. e4 d6 5. Nc3 O-O 6. Nge2 Nc6 7. Be3 a6 8. Qd2
Na5 9. Ng3 b5 10. cxb5 axb5 11. Rc1 b4 12. Nd1 Rb8 13. Bh6 Bxh6 14. Qxh6 e5 15.
d5 Rb6 16. h4 c6 17. dxc6 Rxc6 18. Rxc6 Nxc6 19. h5 Be6 20. Ne3 Nd4 21. Bc4 Nc2+
22. Nxc2 Bxc4 23. Ne3 Be6 24. Nd5 Bxd5 25. exd5 Qe7 26. Qd2 e4 27. O-O exf3 28.
Rxf3 Qe5 29. Qf4 Nxd5 30. Qxe5 dxe5 31. Rd3 Nf4 32. Re3 f6 33. Re4 Nd3 34. Rc4
Kg7 35. a3 bxa3 36. bxa3 f5 37. Rc7+ Kh6 38. hxg6 hxg6 39. Ra7 Rb8 0-1

[Event "European Rapid 2017"]
[Site "Katowice POL"]
[Date "2017.12.17"]
[Round "10.76"]
[White "Chernyak, Viktoria"]
[Black "Wiewiora, Eneasz"]
[Result "1-0"]
[WhiteTitle "WFM"]
[BlackTitle "FM"]
[WhiteElo "2196"]
[BlackElo "2320"]
[WhiteFideId "24165956"]
[BlackFideId "1140396"]
[EventDate "2017.12.16"]

1. Nf3 d5 2. g3 Bg4 3. Bg2 Nd7 4. c4 e6 5. O-O c6 6. cxd5 exd5 7. Nc3 Ngf6 8. h3
Bh5 9. d3 Bd6 10. Qc2 O-O 11. e4 Re8 12. Re1 Bg6 13. Nh4 Bb4 14. Nxg6 hxg6 15.
a3 Ba5 16. b4 Bb6 17. Bg5 dxe4 18. dxe4 Qe7 19. Kh2 Ng4+ 20. hxg4 Qxg5 21. f3
Ne5 22. Rf1 Nc4 23. Qe2 Ne3 24. Rfe1 Rad8 25. Ra2 Rd6 26. Bh3 Red8 27. f4 Qe7
28. e5 Rd3 29. Na4 g5 30. Nxb6 axb6 31. Qf2 Nd1 32. Qf1 Ne3 33. Qf2 b5 34. Rxe3
Rd1 35. Ree2 gxf4 36. Qxf4 R8d4 37. Qf2 Qg5 38. Qe3 Qe7 39. e6 f6 40. g5 fxg5
41. Rad2 R1xd2 42. Rxd2 Rc4 43. Bf5 g4 44. Qe5 Qe8 45. Bd3 Rc1 46. e7 Kh8 47.
Rf2 1-0

[Event "European Rapid 2017"]
[Site "Katowice POL"]
[Date "2017.12.17"]
[Round "10.77"]
[White "Nestorenko, Dmitry"]
[Black "Meissner, Felix"]
[Result "0-1"]
[BlackTitle "FM"]
[WhiteElo "2253"]
[BlackElo "2333"]
[WhiteFideId "14129728"]
[BlackFideId "24671827"]
[EventDate "2017.12.16"]

1. e4 c5 2. c3 d5 3. exd5 Qxd5 4. d4 cxd4 5. cxd4 Nf6 6. Nf3 e6 7. Be2 Be7 8.
O-O Nc6 9. Nc3 Qd8 10. a3 O-O 11. b4 b6 12. Be3 Bb7 13. Qb3 Bd6 14. Rfd1 Ne7 15.
Nb5 Bb8 16. Bg5 Ned5 17. Ne5 a6 18. Nc3 Nxc3 19. Qxc3 Ne4 20. Bxd8 Nxc3 21. Bxb6
Nxe2+ 22. Kf1 Nf4 23. f3 Nd5 24. Bc5 Ne3+ 25. Ke2 Nxd1 26. Bxf8 Nc3+ 27. Kd3
Kxf8 28. Kxc3 Bxe5 29. dxe5 Rc8+ 30. Kd3 Bd5 31. Rb1 Bc4+ 32. Kd4 Bb5 33. Rb2
Rc4+ 34. Ke3 Rc3+ 0-1

[Event "European Rapid 2017"]
[Site "Katowice POL"]
[Date "2017.12.17"]
[Round "10.78"]
[White "Brzezinski, Mateusz"]
[Black "Koscielski, Janusz"]
[Result "1-0"]
[BlackTitle "FM"]
[WhiteElo "2164"]
[BlackElo "2339"]
[WhiteFideId "1177117"]
[BlackFideId "4614437"]
[EventDate "2017.12.16"]

1. d4 Nf6 2. Bg5 d5 3. Bxf6 gxf6 4. e3 c5 5. dxc5 e6 6. c4 dxc4 7. Qxd8+ Kxd8 8.
Nc3 Bxc5 9. Bxc4 Ke7 10. Nf3 Nc6 11. Ke2 Bd7 12. Rhd1 Rad8 13. Rac1 Bc8 14. a3
Bd6 15. Ba2 Bb8 16. b4 Rxd1 17. Rxd1 Rd8 18. Rc1 f5 19. Nb5 a6 20. Nc3 Ne5 21.
Nd4 Bd7 22. Bb3 Rc8 23. Na2 Rxc1 24. Nxc1 Nc6 25. g3 Nxd4+ 26. exd4 Bb5+ 27. Ke3
Ba7 28. Nd3 Bc6 29. Nc5 Kd6 30. f4 a5 31. b5 Bg2 32. Nd3 Be4 33. Ne5 f6 34. Nc4+
Kc7 35. b6+ Bxb6 36. Nxb6 Kxb6 37. Bxe6 Kc6 38. g4 b5 39. g5 Kd6 40. Bg8 fxg5
41. fxg5 b4 42. axb4 axb4 43. h4 Ke7 44. h5 Kf8 45. Bb3 Kg7 46. h6+ Kg6 47. Kf4
Bc6 48. d5 Bd7 49. d6 Kh5 50. Bf7+ Kh4 51. g6 hxg6 52. h7 g5+ 1-0

[Event "European Rapid 2017"]
[Site "Katowice POL"]
[Date "2017.12.17"]
[Round "10.79"]
[White "Tuomainen, Felix"]
[Black "Putka, Verners"]
[Result "1/2-1/2"]
[WhiteTitle "FM"]
[WhiteElo "2174"]
[BlackElo "2307"]
[WhiteFideId "1720813"]
[BlackFideId "11600659"]
[EventDate "2017.12.16"]

1. d4 Nf6 2. c4 e6 3. Nc3 Bb4 4. Qc2 c5 5. dxc5 Na6 6. Nf3 Nxc5 7. g3 Nce4 8.
Bg2 O-O 9. O-O Nxc3 10. bxc3 Be7 11. e4 d6 12. e5 dxe5 13. Nxe5 Qc7 14. Qe2 Bd6
15. Bf4 Ne8 16. c5 Qxc5 17. c4 f6 18. Nd3 Qxc4 19. Rac1 Qa6 20. Bxd6 Nxd6 21.
Qd2 Nf7 22. Nc5 Qd6 23. Qe2 Rd8 24. Rfd1 Qe7 25. a4 Rb8 26. h4 b6 27. Na6 Bxa6
28. Qxa6 Rxd1+ 29. Rxd1 Rd8 30. Rxd8+ Nxd8 31. Qc8 Kf7 32. Be4 g6 33. h5 f5 34.
Bf3 Qd6 35. Qc3 e5 36. Qc4+ Kg7 37. Qh4 Nf7 38. hxg6 hxg6 39. Qc4 e4 40. Be2 a5
41. Kg2 Ne5 42. Qb3 Qc6 43. Kf1 e3 44. fxe3 Qh1+ 45. Kf2 Qh2+ 46. Kf1 Qxg3 47.
Qxb6 Kh6 48. Qc5 Ng4 49. Bxg4 fxg4 50. Qf8+ Kg5 51. Qe7+ Kf5 52. e4+ Kf4 53.
Qd6+ Kf3 54. Qd3+ Kf4 55. Qd6+ Kf3 56. Qd3+ Kf4 57. Qd6+ 1/2-1/2

[Event "European Rapid 2017"]
[Site "Katowice POL"]
[Date "2017.12.17"]
[Round "10.81"]
[White "Leniart, Arkadiusz"]
[Black "Cieslar, Michal"]
[Result "1/2-1/2"]
[WhiteTitle "IM"]
[WhiteElo "2502"]
[BlackElo "2032"]
[WhiteFideId "1124226"]
[BlackFideId "1141066"]
[EventDate "2017.12.16"]

1. d4 d6 2. e4 g6 3. c4 Bg7 4. Nc3 Nd7 5. Be3 e5 6. d5 Ne7 7. Bd3 O-O 8. g4 f5
9. gxf5 gxf5 10. exf5 Nxf5 11. Bxf5 Rxf5 12. Nge2 Qh4 13. Ng3 Nf6 14. Nxf5 Bxf5
15. Qf3 Bg6 16. O-O-O Qxc4 17. Rhg1 Rf8 18. Qe2 Qh4 19. Bg5 Bh6 20. Bxh6 Qxh6+
21. Qe3 Qxh2 22. Rh1 Qf4 23. Qxf4 exf4 24. Rh4 Nd7 25. Rd4 Ne5 26. Rh1 a6 27.
Ne2 Nd3+ 28. Kd2 Nxf2 29. Rg1 Nh3 30. Rh1 Nf2 31. Rg1 Nh3 32. Rh1 Nf2 33. Rg1 1/2-1/2

[Event "European Rapid 2017"]
[Site "Katowice POL"]
[Date "2017.12.17"]
[Round "10.82"]
[White "Krzywda, Andrzej"]
[Black "Stojcevski, Zoran"]
[Result "0-1"]
[BlackTitle "FM"]
[WhiteElo "2171"]
[BlackElo "2337"]
[WhiteFideId "1114565"]
[BlackFideId "15000192"]
[EventDate "2017.12.16"]

1. e4 e5 2. Nf3 Nc6 3. Bc4 Bc5 4. c3 Nf6 5. d3 O-O 6. O-O a6 7. Nbd2 Ba7 8. Bb3
d5 9. h3 dxe4 10. Nxe4 Bf5 11. Bc2 Nxe4 12. dxe4 Be6 13. Qe2 f6 14. Nd2 Qe8 15.
Nc4 Qf7 16. Bb3 Rad8 17. Nd2 Rd7 18. Bxe6 Qxe6 19. Nc4 Rfd8 20. Re1 Ne7 21. a4
Ng6 22. Na5 Rd3 23. Nxb7 R8d7 24. Na5 Nh4 25. Qg4 Qxg4 26. hxg4 Rg3 27. Be3
Rxg2+ 28. Kf1 Bxe3 29. Rxe3 Rxg4 30. Nc4 Ng6 31. b4 Nf4 32. b5 axb5 33. axb5 h5
34. Rg3 Rh4 35. Rg1 Ne6 36. f3 Rd3 37. Ke2 Rxc3 38. Ne3 Rh2+ 39. Rg2 Rxe3+ 0-1

[Event "European Rapid 2017"]
[Site "Katowice POL"]
[Date "2017.12.17"]
[Round "10.83"]
[White "Gazik, Igor"]
[Black "Marczuk, Dominik"]
[Result "1/2-1/2"]
[WhiteTitle "IM"]
[WhiteElo "2257"]
[BlackElo "2278"]
[WhiteFideId "14900149"]
[BlackFideId "1111264"]
[EventDate "2017.12.16"]

1. e4 c5 2. Nc3 Nc6 3. g3 g6 4. Bg2 Bg7 5. d3 d6 6. Be3 e6 7. Qd2 Nd4 8. Nf3 Ne7
9. O-O-O Nec6 10. Kb1 Bd7 11. Bh6 Nxf3 12. Bxf3 Bxh6 13. Qxh6 Qf6 14. Qe3 Nd4
15. Bg2 O-O-O 16. f4 Qe7 17. h4 h5 18. Rhf1 Bc6 19. Rd2 Kb8 20. Nd1 Rhe8 21. Re1
Qd7 22. c3 Nb5 23. Nf2 f5 24. Bh3 b6 25. d4 c4 26. b3 cxb3 27. axb3 d5 28. e5
Rc8 29. Rc1 Qe7 30. Ra2 Nc7 31. Kb2 Kb7 32. Rca1 Ra8 33. b4 Bb5 34. Bf1 Qd7 35.
Bd3 Rec8 36. Nd1 Bc4 37. Bxc4 dxc4 38. Qf3+ Qd5 39. Qxd5+ Nxd5 40. Kc2 a6 41.
Kd2 b5 42. Nf2 Rc7 43. Nh3 Kb6 44. Ng5 Re7 45. Nf3 Raa7 46. Ng5 1/2-1/2

[Event "European Rapid 2017"]
[Site "Katowice POL"]
[Date "2017.12.17"]
[Round "10.84"]
[White "Pereira, Antonio Pedro Caramez"]
[Black "Berg, Klaus"]
[Result "0-1"]
[BlackTitle "IM"]
[WhiteElo "2113"]
[BlackElo "2323"]
[WhiteFideId "1904485"]
[BlackFideId "1400053"]
[EventDate "2017.12.16"]

1. Nf3 Nf6 2. c4 g6 3. g3 Bg7 4. Bg2 c5 5. O-O Nc6 6. d4 cxd4 7. Nxd4 O-O 8. Nc3
Ng4 9. e3 d6 10. h3 Nxd4 11. exd4 Nh6 12. b3 Nf5 13. Ne2 Rb8 14. Bb2 b5 15. cxb5
Rxb5 16. Bc3 d5 17. Bb2 Rb8 18. Qd2 Ba6 19. Rfe1 e6 20. Ba3 Re8 21. Bc5 Rb7 22.
Nc3 Bf8 23. Na4 Nd6 24. Nc3 Nf5 25. Bxf8 Rxf8 26. Na4 Rc7 27. Nc5 Qd6 28. g4 Ne7
29. h4 Kg7 30. h5 h6 31. Rac1 Bc8 32. Qb4 Nc6 33. Qd2 g5 34. b4 f5 35. gxf5 exf5
36. b5 Nd8 37. Re5 Nf7 38. Rxd5 Qf6 39. Re1 f4 40. Qd3 g4 41. Be4 Ng5 42. Rc1 f3
43. Bg6 Qf4 44. Rc2 g3 45. Rxg5 Qxg5 46. Ne6+ Bxe6 47. Rxc7+ Kg8 48. Qe4 gxf2+
49. Kxf2 Qg2+ 0-1

[Event "European Rapid 2017"]
[Site "Katowice POL"]
[Date "2017.12.17"]
[Round "10.85"]
[White "Mis, Mieszko"]
[Black "Hansen, Mads Smith"]
[Result "0-1"]
[WhiteElo "2240"]
[BlackElo "2347"]
[WhiteFideId "1196448"]
[BlackFideId "1400258"]
[EventDate "2017.12.16"]

1. d4 Nf6 2. Nf3 d6 3. c4 Nbd7 4. Nc3 c6 5. g3 e5 6. Bg2 Be7 7. O-O O-O 8. e4 a6
9. d5 cxd5 10. cxd5 b5 11. Qe2 Nc5 12. b4 Na4 13. Nxa4 bxa4 14. Bg5 Bd7 15. Bxf6
Bxf6 16. Rfc1 Qb8 17. Rab1 Bd8 18. Nd2 Bb5 19. Qd1 Bg5 20. Rc3 Rc8 21. Rbc1 Qb7
22. Bh3 Rxc3 23. Rxc3 g6 24. Nc4 Rd8 25. Na5 Qb6 26. a3 Kg7 27. Nc6 Rf8 28. Kg2
h5 29. Qc2 h4 30. Bg4 Rh8 31. Be2 hxg3 32. Rxg3 Rxh2+ 33. Kxh2 Qxf2+ 34. Kh1
Bxe2 35. Rg2 Qf1+ 36. Kh2 Bf4+ 37. Kh3 Qh1+ 0-1

[Event "European Rapid 2017"]
[Site "Katowice POL"]
[Date "2017.12.17"]
[Round "10.86"]
[White "Pein, Jonathan"]
[Black "Jaroch, Karol"]
[Result "1/2-1/2"]
[WhiteElo "2165"]
[BlackElo "2252"]
[WhiteFideId "417092"]
[BlackFideId "1130609"]
[EventDate "2017.12.16"]

1. e4 e6 2. b3 d5 3. Bb2 c5 4. exd5 exd5 5. Bb5+ Nc6 6. Qe2+ Be6 7. Nf3 h6 8.
Bxc6+ bxc6 9. Ne5 Qd6 10. d3 Be7 11. Nd2 Bf6 12. O-O-O Ne7 13. Kb1 a5 14. a4 O-O
15. Rde1 Rfe8 16. h4 Nf5 17. Qh5 g6 18. Nxg6 Bxb2 19. Kxb2 fxg6 20. Qxg6+ Ng7
21. Re3 Qd7 22. Rhe1 h5 23. Nf3 Bf5 24. Rxe8+ Rxe8 25. Rxe8+ Qxe8 26. Qxe8+ Nxe8
27. Ne5 Kf8 28. Nxc6 Bd7 29. Nxa5 Nd6 30. c3 Ke7 31. Ka3 Kd8 32. b4 cxb4+ 33.
Kxb4 Kc7 34. Kc5 Be6 35. Kd4 Nf7 36. Nb3 Kd6 37. Nc5 Bc8 38. c4 Nh6 39. cxd5
Nf5+ 40. Kc4 Nxh4 41. g3 Nf3 42. Ne4+ Kc7 43. Nf6 h4 44. gxh4 Nxh4 45. Kc5 Nf5
46. d6+ Kd8 47. a5 Ba6 48. d4 Bd3 49. d7 Kc7 50. d5 Bf1 51. d6+ Kd8 52. Kb6 Nxd6
53. a6 Bg2 54. f4 Nf5 55. a7 Ne7 56. Kc5 Ba8 57. Kc4 Kc7 58. Kd3 Nc6 59. Nd5+
Kb7 60. f5 Ne5+ 61. Kd4 Nxd7 62. f6 Kxa7 63. f7 Kb7 64. Nf4 Kc6 65. Ne6 Kd6 66.
f8=Q+ Nxf8 1/2-1/2

[Event "European Rapid 2017"]
[Site "Katowice POL"]
[Date "2017.12.17"]
[Round "10.87"]
[White "Mitkov, Marjan"]
[Black "Pappelis, Dimitrios"]
[Result "1-0"]
[WhiteTitle "IM"]
[WhiteElo "2333"]
[BlackElo "2114"]
[WhiteFideId "15000354"]
[BlackFideId "4215281"]
[EventDate "2017.12.16"]

1. d4 d5 2. c4 e6 3. Nc3 c5 4. cxd5 exd5 5. Nf3 Nc6 6. g3 Nf6 7. Bg2 Be7 8. O-O
O-O 9. Bg5 c4 10. Ne5 Be6 11. Nxc6 bxc6 12. b3 Rc8 13. bxc4 dxc4 14. Rc1 Qa5 15.
Bd2 Qa3 16. Qa4 Qxa4 17. Nxa4 Rfd8 18. e3 c5 19. Ba5 Rd7 20. Nxc5 Bxc5 21. dxc5
Rxc5 22. Rb1 Rc8 23. Bb7 Rf8 24. e4 h5 25. Rfd1 Rxd1+ 26. Rxd1 Rb8 27. Bc6 Ng4
28. Bc3 Rc8 29. Ba4 Nf6 30. f3 Nh7 31. Kf2 Nf8 32. Ke3 f6 33. Rd6 Bf7 34. Ra6
Rd8 35. Bc2 Rd7 36. f4 Ne6 37. Ra5 Rc7 38. f5 Nc5 39. Bd4 Nd3 40. Bxd3 cxd3 41.
Kxd3 Bc4+ 42. Ke3 a6 43. e5 fxe5 44. Rxe5 Bxa2 45. Re8+ Kf7 46. Ra8 Bc4 47. Kf4
g6 48. Rh8 Rc6 49. Rh7+ Ke8 50. f6 Bf7 51. Rh8+ Kd7 52. Ra8 Ke6 53. Ra7 Rc4 54.
Ke4 Rxd4+ 55. Kxd4 Kxf6 56. Rxa6+ Kf5 57. h3 Bb3 58. Ra5+ Kf6 59. h4 Bc2 60. Ke3
Bf5 61. Kf4 Bc2 62. Ra6+ Kf7 63. Kg5 Bd3 64. Ra7+ Kg8 65. Kf6 Be4 66. Rg7+ 1-0